On becoming an educated person; an orientation to college.

Saved in:
Bibliographic Details
Main Author: Voeks, Virginia
Format: Book
Language:English
Published: Philadelphia, Saunders, 1957.
Subjects:
LEADER 00910nam a22002651 4500
001 c000333620
003 CARM
005 00000000000000.0
008 790925s1957 paua 00000 eng
010 |a 57007052 /L/r932 
019 1 |a 1536939  |5 LACONCORD2021 
035 |a (OCoLC)1013244  |5 LACONCORD2021 
050 0 0 |a LB2395  |b .V6 
082 0 0 |a 371.3 
100 1 |a Voeks, Virginia. 
245 1 0 |a On becoming an educated person;  |b an orientation to college. 
260 |a Philadelphia,  |b Saunders,  |c 1957. 
300 |a 147 p.  |b illus.  |c 21 cm. 
650 0 |a College student orientation. 
650 0 |a Study skills. 
650 0 |a Student adjustment. 
650 0 |a Self-culture. 
852 8 |b CARM  |h A1:AM19B0  |i B09518  |p 0430927  |f BK 
999 f f |i 64d4cd9a-b625-577e-82ec-44939d119f38  |s f457eb42-4920-50e3-abe1-3ef1fd6a0486 
952 f f |p Can circulate  |a CAVAL  |b CAVAL  |c CAVAL  |d CARM 1 Store  |e B09518  |f A1:AM19B0  |h Other scheme  |i book  |m 0430927